West Bengal or Bangladesh - Statistics

General Stats
  • This quiz has been taken 217 times
  • The average score is 11 of 15
Answer Stats
Question Answer % Correct
Is a country Bangladesh
100%
Has the city from where Mother Teresa worked West Bengal
100%
Has a higher Muslim population Bangladesh
96%
Has the Hill Station of Darjeeling West Bengal
96%
Borders Bhutan West Bengal
96%
produces more than half of global textiles Bangladesh
87%
Has a longer coastline Bangladesh
87%
Second largest city starts with C Bangladesh
83%
has more Rivers Bangladesh
74%
has a higher literacy rate West Bengal
74%
Covers more of the Sundarban Nations Park Bangladesh
57%
Has no snow capped mountains Bangladesh
57%
Has more Bengal Tigers West Bengal
48%
Has a city named Durgapur Both
35%
Has 2 international Airports Both
26%
No matching quizzes found
Score Distribution
Percent of People with Each Score
Percentile by Number Answered
Your Score History
You have not taken this quiz